000 00895nam a2200241 4500
999 _c20324
_d20324
005 20180919154420.0
008 160624s2017 ck ab|||r|||| 00| 0 spa d
020 _a9789585418042
040 _aCO-BoIAVH
_cCO-BoIAVH
041 1 _aeng
_hspa
044 _ack
082 0 4 _a354.35
_bN28u1
245 0 0 _aUrban nature :
_bPlatform of experiences /
_ceditado por María Angélica Mejía
260 _aBogotá (Colombia) :
_bInstituto de Investigación de Recursos Biológicos Alexander von Humboldt,
_c2017.
300 _a215 páginas :
_bilustraciones a color y mapas ;
_c25 x 20 cm.
504 _aIncluye referencias bibliográficas
650 2 6 _aBiodiversity
_xUrban areas
650 2 6 _aUrban environment
650 2 6 _aEcosystem services
_xUrban areas
651 2 6 _aColombia
700 1 _aMejía, María Angélica
_eeditora
942 _2ddc
_cLIBRO
_01